Sports Quiz

Random Sports Quiz

Gimme 5 Sports Edition Quiz Stats

Quiz not verified by Sporcle

Challenge
Share
Tweet
Embed
Score 0/20 Timer 05:00
0 Plays Today
Hint Answer % Correct
PGA MAJORS Tiger Woods
96.3%
NBA POINTS Michael Jordan
95.5%
NFL PASSING YARDSPeyton Manning
94.6%
MLB HOME RUNSBarry Bonds
94.5%
MLB HOME RUNSBabe Ruth
92.7%
NFL PASSING YARDSBrett Favre
91.1%
MLB HOME RUNSHank Aaron
89%
NFL PASSING YARDSDan Marino
88.2%
PGA MAJORS Jack Nicklaus
85.1%
NBA POINTS Kareem Abdul-Jabbar
84.8%
Hint Answer % Correct
NBA POINTS Kobe Bryant
81.6%
NBA POINTS Wilt Chamberlain
78.7%
NBA POINTS Karl Malone
73.7%
MLB HOME RUNSWillie Mays
71.5%
NFL PASSING YARDSDrew Brees
68.9%
MLB HOME RUNSAlex Rodriguez
66.2%
NFL PASSING YARDSJohn Elway
63%
PGA MAJORS Gary Player
49.2%
PGA MAJORS Ben Hogan
46.4%
PGA MAJORS Walter Hagen
25.7%

You're not logged in!

Compare scores with friends on all Sporcle quizzes.
Join for Free
OR
Log In

You Might Also Like...

Show Comments

Extras

Created Aug 7, 2014ReportNominate
Tags:category, edition, five, gimme, leader

Top Quizzes Today


Score Distribution

Your Account Isn't Verified!

In order to create a playlist on Sporcle, you need to verify the email address you used during registration. Go to your Sporcle Settings to finish the process.

Report this User

Report this user for behavior that violates our Community Guidelines.

Details: